| 000 | 00352nam a2200133 a 4500 | ||
|---|---|---|---|
| 005 | 20140414093844.0 | ||
| 008 | 091012s19uu xx 00 eng d | ||
| 050 |
_aCDB 495.18242 _bCHI-2 2006 |
||
| 100 | _aYamin Ma | ||
| 245 |
_aChinese made easy 2 - textbook / _cYamin Ma. |
||
| 650 |
_aChinese language _xGrammar. |
||
| 942 | _cAVM | ||
| 999 |
_c109471 _d109471 |
||